Generációk szálláshelyválasztási preferenciái és utazási szokásai – Elemzés a T62 Hotel példáján keresztül
| Szerző: | |
|---|---|
| További közreműködők: | |
| Dokumentumtípus: | Projektmunka |
| Kulcsszavak: | fogyasztói magatartás generációs különbségek szálláshelyek szegmentáció turisztikai trendek |
| Online Access: | http://dolgozattar.uni-bge.hu/60163 |
MARC
| LEADER | 00000nnm a2200000 i 4500 | ||
|---|---|---|---|
| 001 | dolg60163 | ||
| 005 | 20260409150054.0 | ||
| 008 | 260409suuuu hu o 000 hun d | ||
| 040 | |a BGE Dolgozattár Repozitórium |b hun | ||
| 041 | |a hu | ||
| 100 | 1 | |a Magyari Zsófia | |
| 245 | 1 | 0 | |a Generációk szálláshelyválasztási preferenciái és utazási szokásai – Elemzés a T62 Hotel példáján keresztül |c Magyari Zsófia |h [elektronikus dokumentum] |
| 516 | |a Project_work | ||
| 520 | 3 | |a A kutatás célja a különböző generációk szálláshely-választási és utazási szokásainak feltárása volt.Az eredmények rámutattak arra, hogy az egyes korcsoportok eltérő igényekkel és elvárásokkal rendelkeznek, amelyek jelentős hatással vannak döntéseikre.A szolgáltatások testreszabása, a technológiai jelenlét erősítése, valamint a vendégélmény középpontba helyezése mind hozzájárulhat a vendégelégedettség növeléséhez, amely kulcsfontosságú a szálláshelyek versenyképességének megőrzéséhez.A kutatás arra is rávilágított, hogy a szálláshelyek számára elengedhetetlen a generációk közötti különbségek figyelembe vétele a marketingstratégiák kialakításakor. | |
| 695 | |a fogyasztói magatartás | ||
| 695 | |a generációs különbségek | ||
| 695 | |a szálláshelyek | ||
| 695 | |a szegmentáció | ||
| 695 | |a turisztikai trendek | ||
| 700 | 1 | |a Bártfai Endre György |e ths | |
| 856 | 4 | 0 | |u http://dolgozattar.uni-bge.hu/60163/1/Genera%CC%81cio%CC%81k%20sza%CC%81lla%CC%81shelyva%CC%81laszta%CC%81si%20preferencia%CC%81i%20e%CC%81s%20utaza%CC%81si%20szoka%CC%81sai%20%E2%80%93%20Elemze%CC%81s%20a%20T62%20Hotel%20pe%CC%81lda%CC%81ja%CC%81n%20keresztu%CC%88l.pdf |z Dokumentum-elérés |
| 856 | 4 | 0 | |u http://dolgozattar.uni-bge.hu/60163/2/Magyari%20Zs%C3%B3fia_Projektmunka_B%C3%ADr%C3%A1lati%20lap_FOSZK_B%C3%A1rtfai%20Endre.pdf |z Dokumentum-elérés |